Statistiques concernant Océanie : capitales, villes principale (pays + territoires dépendants)

Cliquez ici pour prendre le quiz!

Statistiques générales

  • Ce quiz a été pris 58 fois
  • Le résultat moyen est 13 sur 25

Statistiques - réponses

HintRéponse% Correct
AustralieCanberra
96%
Nouvelle-ZélandeWellington
85%
Papouasie-Nouvelle-GuinéePort Moresby
81%
FidjiSuva
79%
SamoaApia
72%
TuvaluFunafuti
70%
Nouvelle CalédonieNouméa
70%
VanuatuPort-Vila
68%
NauruYaren
68%
SalomonHoniara
66%
HawaïHonolulu
64%
Polynésie françaisePapeete
64%
TongaNuku'alofa
62%
MicronésiePalikir
57%
NiueAlofi
36%
PalaosMelekeok
36%
PitcairnAdamstown
34%
Îles CookAvarua
30%
Wallis et FutunaMata Utu
28%
Samoa américainesPago Pago
26%
MarshallDelap-Uliga-Darrit
23%
Mariannes du NordSaipan
19%
PâquesHanga Roa
13%
KiribatiTawara
11%
TokelauAtafu
9%

Distribution des résultats

Percentile par nombre de réponses

% des personnes avec chaque résultat

Votre développement - résultats

Vous n’avez pas pris ce quiz